ការសិក្សារពីការចុះបញ្ចីដីធ្លីបន្តនៅសង្កាត់កំពង់សំណាញក្រុងតាខ្មៅ ចេត្តកណ្តាល (Record no. 18132)

000 -LEADER
fixed length control field 00617nam a22001577a 4500
003 - CONTROL NUMBER IDENTIFIER
control field OSt
005 - DATE AND TIME OF LATEST TRANSACTION
control field 20190806144751.0
008 - FIXED-LENGTH DATA ELEMENTS--GENERAL INFORMATION
fixed length control field 190806b xxu||||| |||| 00| 0 eng d
040 ## - CATALOGING SOURCE
Transcribing agency RUA
082 ## - DEWEY DECIMAL CLASSIFICATION NUMBER
Classification number LMA YOU 2017 B640 Or.1
100 ## - MAIN ENTRY--PERSONAL NAME
9 (RLIN) 13804
Personal name YOU LY EANG យូរ លីអៀង
245 ## - TITLE STATEMENT
Title ការសិក្សារពីការចុះបញ្ចីដីធ្លីបន្តនៅសង្កាត់កំពង់សំណាញក្រុងតាខ្មៅ ចេត្តកណ្តាល
260 ## - PUBLICATION, DISTRIBUTION, ETC. (IMPRINT)
Place of publication, distribution, etc. RUA
Name of publisher, distributor, etc. Phnom penh
Date of publication, distribution, etc. 2017
300 ## - PHYSICAL DESCRIPTION
Extent xiii;43p
Other physical details ill;
Dimensions 29cm
942 ## - ADDED ENTRY ELEMENTS (KOHA)
Source of classification or shelving scheme
Koha item type LMA
Holdings
Price effective from Date last seen Permanent Location Not for loan Date acquired Source of classification or shelving scheme Koha item type Lost status Withdrawn status Date last checked out Total Checkouts Shelving location Damaged status Barcode Current Location Full call number
2019-08-062019-08-06Library Block B 2019-08-06 LMA    B640 A44729Library Block BLMA YOU 2017 B640 Or.1
2019-08-062019-08-06Library Block B 2019-08-06 LMA    B640 A45139Library Block BLMA YOU 2017 B640 Or.2
2019-08-062025-08-06Library Block B 2019-08-06 LMA  2025-07-102B640 A44654Library Block BLMA YOU 2017 B640 Or.3
2019-08-062019-08-06Library Block B 2019-08-06 LMA    B640 A44990Library Block BLMA YOU 2017 B640 Or.4
2019-08-062019-08-06Library Block B 2019-08-06 LMA    B640 A45065Library Block BLMA YOU 2017 B640 Or.5
2019-08-062019-08-06Library Block B 2019-08-06 LMA    B640 A44754Library Block BLMA YOU 2017 B640 Or.6
មជ្ឈមណ្ឌលឯការនៃសាកលវិទ្យាល័យភូមិន្ទកសិកម្មចំការដូង

Powered by Koha